000 01342nam1a2200325 i 4500
001 RU\NLR\BIBL_A\012365688
005 20260406025640.0
035 _a(NLR Aleph) 012365688
090 _a11550635
_c11550635
100 _a20200929g2020 u y0rusy50 ca
101 0 _arus
102 _aRU
105 _a||||z||||||||
181 0 _ai
_baxxe
182 0 _an
200 1 _aСобрание сочинений
_iЕмельян Пугачев
_eисторическое повествование
_e[роман]
_fВячеслав Шишков
203 _aТекст
_bвизуальный
_cнепосредственный
210 _aМосква
_cВече
_d2020
215 _d22
225 1 _aСибириада
_iСобрание сочинений
300 _aЗагл. обл. и корешка: Емельян Пугачев
333 _a12+
606 1 _aКрестьянская война под предводительством Пугачева
_xв художественной литературе
_z1773 - 1775
_91396252
_3RU\NLR\AUTH\66587304
686 2 _aШ6(2=Р)72-442
700 1 _8rus
_7ca
_aШишков
_bВ. Я.
_f1873-1945
_gВячеслав Яковлевич
_3RU\NLR\AUTH\77103
_9110199
852 _aNLR
_j2020-5/4489
942 _cBOOK